000
00298nam a22001457a 4500
008
230719b ||||| |||| 00| 0 eng d
020
_a
0521212413
041
_a
eng
080
_a
53
082
_a
53SMI
100
_a
20
101
_a
FIZIK
245
_a
PULSARS
_c
SMITH .G .F
942
_2
udc
_c
BK
999
_c
60170
_d
60170